Famous Stories/ (Record no. 74109)

MARC details
000 -LEADER
fixed length control field 00739nam a22002297a 4500
005 - DATE AND TIME OF LATEST TRANSACTION
control field 20130403170222.0
010 ## - LCCN (DPL NO)
LC control number B-508596
020 ## - INTERNATIONAL STANDARD BOOK NUMBER
International Standard Book Number 8190247808
Terms of availability 350.00
035 ## - SYSTEM CONTROL NUMBER
System control number B-508596
037 ## - SOURCE OF ACQUISITION
Source of stock number/acquisition DBAD/PUB
037 ## - SOURCE OF ACQUISITION
Source of stock number/acquisition Literacy House/Ven
082 ## - DEWEY DECIMAL CLASSIFICATION NUMBER
Classification number S
100 ## - MAIN ENTRY--PERSONAL NAME
Personal name Wilde, Oscar
245 ## - TITLE STATEMENT
Title Famous Stories/
Statement of responsibility, etc by Oscar Wilde
260 ## - PUBLICATION, DISTRIBUTION, ETC. (IMPRINT)
Place of publication, distribution, etc New Delhi
Name of publisher, distributor, etc World Literature India
Date of publication, distribution, etc 2011
270 ## - ADDRESS
Address Jhari Villa,Bhul Bhullian Road Mehrauli,
City New Delhi
Postal code 110030
300 ## - PHYSICAL DESCRIPTION
Extent 200p.
Dimensions 22cm(Hb)
490 ## - SERIES STATEMENT
Series statement World Literature Series: British Literature
500 ## - GENERAL NOTE
General note It include index
942 ## - ADDED ENTRY ELEMENTS (KOHA)
Source of classification or shelving scheme Dewey Decimal Classification
Item type English Books
Call number suffix WIL
Classification part S
Holdings
Withdrawn status Lost status Not for loan Collection code Home library Current library Date acquired Source of acquisition Cost, normal purchase price Full call number Barcode Copy number Cost, replacement price Koha item type
      Fiction Central Library Central Library 03/04/2013 Literacy House/431/13/20.03.2013/173/08.03.2013/22.03.2013 350.00 S WIL B-508596 1 350.00 English Books

© Delhi Public Library
Hit Counter
free hit counter